Culture Générale - Série 136 - Statistiques

Statistiques générales
  • Ce quiz a été pris 428 fois
  • Le résultat moyen est 6 sur 10
Statistiques - réponses
Question Réponse % Correct
Quelle tribu le groupe Manau a-t-il chantée en 1998 ? La tribu de Dana
85%
Dans quel pays les shoguns étaient-ils des chefs militaires et civils ? Japon
80%
De quel roi de France la marquise de Pompadour fut-elle la favorite ? Louis XV
78%
A partir de quelle plante tropicale produit-on du rhum ? Canne à sucre
77%
Qui est l'auteur de "Shining", adapté au cinéma par Stanley Kubrick ? Stephen King
63%
En 1979, à quel groupe disco doit-on le tube "In the Navy" ? Village People
60%
Quel groupe de rock fut surnommé les "Fab Four" ? Beatles
51%
A qui s'adresse Michel Delpech dans sa chanson "Quand j'étais chanteur" ? Cécile
35%
Quel roi mythologique fut condamné à une faim et à une soif dévorantes ? Tantale
21%
Quel est le prénom de la femme de Tony Blair ? Cherie
10%
Aucun quiz correspondant
Distribution des résultats
% des personnes avec chaque résultat
Percentile par nombre de réponses
Votre historique - résultats
Vous n’avez pas pris ce quiz